000 00740nam a2200217 i 4500
001 46829
003 ES-MaACL
005 20250804004818.0
007 t|
008 030401s1976 sp ||||1| spa d
100 1 _aConrad, Joseph.
_940217
245 1 3 _aEl corazón de las tinieblas /
_cJoseph Conrad ; prólogo y notas de Araceli García Ríos ; [traductores, Araceli García Ríos e Isabel Sánchez Araujo].
260 _aMadrid :
_bAlianza,
_c[1976]
300 _a157 p. ;
_c18 cm.
490 1 _alibro de bolsillo
700 1 _aGarcía Ríos, Araceli.
_955177
700 1 _aSánchez Araujo, Isabel.
_9102463
830 0 3 _aEl libro de bolsillo
_9177802
852 _aES-MaACL
_jA-7227
_bR.96490
999 _c46829
_d46829